DNA Markers and Breeding for Resistance to Ascochyta Blight in Chichpea: (Record no. 9888)
[ view plain ]
| 000 -LEADER | |
|---|---|
| fixed length control field | 00862nam a2200217 4500 |
| 005 - DATE AND TIME OF LATEST TRANSACTION | |
| control field | 20150610095125.0 |
| 007 - PHYSICAL DESCRIPTION FIXED FIELD--GENERAL INFORMATION | |
| fixed length control field | 000 |
| 008 - FIXED-LENGTH DATA ELEMENTS--GENERAL INFORMATION | |
| fixed length control field | 000 |
| 020 ## - INTERNATIONAL STANDARD BOOK NUMBER | |
| International Standard Book Number | 9291270474 |
| 040 ## - CATALOGING SOURCE | |
| Original cataloging agency | UOEL |
| 050 ## - LIBRARY OF CONGRESS CALL NUMBER | |
| Classification number | SB608.C45 |
| Item number | .D63 1997 |
| 245 ## - TITLE STATEMENT | |
| Title | DNA Markers and Breeding for Resistance to Ascochyta Blight in Chichpea: |
| Remainder of title | Proceedings of the Symposium on ''Application of DNA Fingerprinting for Crop Improvement: Marker- assisted Selection of Chickpea for Sustainable Agriculture in Dry Areas'' 11-12 April 1994, Aleppo, Syria |
| Statement of responsibility, etc | edited by S.M. Udupa and F.Weigand |
| 260 ## - PUBLICATION, DISTRIBUTION, ETC. (IMPRINT) | |
| Place of publication, distribution, etc | Aleppo, Syria.: |
| Name of publisher, distributor, etc | International Centre for Agricultural Research in Dry Areas, |
| Date of publication, distribution, etc | c1997. |
| 300 ## - PHYSICAL DESCRIPTION | |
| Extent | vii,221p.: |
| Other physical details | Ill.; |
| 500 ## - GENERAL NOTE | |
| General note | includes references |
| 650 ## - SUBJECT ADDED ENTRY--TOPICAL TERM | |
| Topical term or geographic name as entry element | DNA Markers |
| General subdivision | Chickpea |
| Topical term or geographic name as entry element | Breeding |
| General subdivision | Ascochyta Blight |
| 700 ## - ADDED ENTRY--PERSONAL NAME | |
| Personal name | Udupa, S.M. |
| Personal name | Weigand, F. |
| 942 ## - ADDED ENTRY ELEMENTS (KOHA) | |
| Source of classification or shelving scheme | Library of Congress Classification |
| Item type | Loan - Normal on open shelf |
| Withdrawn status | Lost status | Source of classification or shelving scheme | Damaged status | Not for loan | Home library | Current library | Shelving location | Date acquired | Total Checkouts | Full call number | Barcode | Date last seen | Copy number | Price effective from | Koha item type |
|---|---|---|---|---|---|---|---|---|---|---|---|---|---|---|---|
| Library of Congress Classification | UOE Main Library | UOE Main Library | Open shelf | 10/06/2015 | SB608.C45 .D63 1997 | 20143487 | 27/04/2026 | 20143487 | 10/06/2015 | Loan - Normal on open shelf |
